000 00343nam a2200109 4500
008 240222b |||||||| |||| 00| 0 eng d
245 _aLogos--Vol. 26, no. 1 (March 1987)
246 _aLiberative trends in Hinduism, Buddhism, Christianity and Islam
260 _aColombo :
_bCentre for society & Religion,
_c1987
300 _b102 p.
942 _cCR
999 _c4786
_d4786